书目信息 |
| 题名: |
人力资源开发与管理案例
|
|
| 作者: | 姚裕群 , 张琪 , 李宝元 主编 | |
| 分册: | ||
| 出版信息: | 长沙 湖南师范大学出版社 2007.09 |
|
| 页数: | 319页 | |
| 开本: | 23cm | |
| 丛书名: | 人力资源与组织管理精品系列教材 | |
| 单 册: | ||
| 中图分类: | F241 | |
| 科图分类: | ||
| 主题词: | 劳动力资源--lao dong li zi yuan--资源开发--案例 , 劳动力资源--lao dong li zi yuan--资源管理--案例 | |
| 电子资源: | ||
| ISBN: | 978-7-81081-769-1 | |
| 000 | 01141nam 2200289 450 | |
| 001 | 012008212600 | |
| 005 | 20080715103807.01 | |
| 010 | @a978-7-81081-769-1@dCNY32.80 | |
| 100 | @a20080715d2007 em y0chiy0120 ea | |
| 101 | 0 | @achi |
| 102 | @aCN@b430000 | |
| 105 | @ay z 000yy | |
| 106 | @ar | |
| 200 | 1 | @a人力资源开发与管理案例@Aren li zi yuan kai fa yu guan li an li@f姚裕群, 张琪, 李宝元主编@Fyao yu qun,zhang qi,li bao yuan zhu bian |
| 210 | @a长沙@c湖南师范大学出版社@d2007.09 | |
| 215 | @a319页@d23cm | |
| 225 | 2 | @a人力资源与组织管理精品系列教材@Aren li zi yuan yu zu zhi guan li jing pin xi lie jiao cai |
| 330 | @a本书精选了有代表性的人力资源管理案例编辑成集,共48个案例,共分为四个篇章进行阐述,分为基础篇、开发篇、管理篇和综合篇。 | |
| 410 | 0 | @12001 @a人力资源与组织管理精品系列教材 |
| 606 | 0 | @a劳动力资源@Alao dong li zi yuan@x资源开发@x案例 |
| 606 | 0 | @a劳动力资源@Alao dong li zi yuan@x资源管理@x案例 |
| 690 | @aF241@v4 | |
| 701 | 0 | @a姚裕群@Ayao yu qun@4主编 |
| 701 | 0 | @a张琪@Azhang qi@4主编 |
| 701 | 0 | @a李宝元@Ali bao yuan@4主编 |
| 801 | 0 | @aCN@bQSSK@c20080715 |
| 905 | @b731021-22@dF241@eY377@f2 | |
| 人力资源开发与管理案例/姚裕群, 张琪, 李宝元主编.-长沙:湖南师范大学出版社,2007.09 |
| 319页;23cm.-(人力资源与组织管理精品系列教材) |
| ISBN 978-7-81081-769-1:CNY32.80 |
| 本书精选了有代表性的人力资源管理案例编辑成集,共48个案例,共分为四个篇章进行阐述,分为基础篇、开发篇、管理篇和综合篇。 |
| ● |
| 相关链接 |
|
|
|
正题名:人力资源开发与管理案例
索取号:F241/Y377
 
预约/预借
| 序号 | 登录号 | 条形码 | 馆藏地/架位号 | 状态 | 备注 |
| 1 | 731021 | 207310211 | 社科库409/409社科库 79排3列3层/ [索取号:F241/Y377] | 在馆 | |
| 2 | 731022 | 207310220 | 社科库409/409社科库 35排5列4层/ [索取号:F241/Y377] | 在馆 |